书目信息 |
| 题名: |
The Sun Cross-Words
|
|
| 作者: | ||
| 分册: | ||
| 出版信息: | Penguin Books 1984 |
|
| 页数: | 142页 | |
| 开本: | 19cm | |
| 丛书名: | ||
| 单 册: | ||
| 中图分类: | H312 | |
| 科图分类: | ||
| 主题词: | 英语 | |
| 电子资源: | ||
| ISBN: | 0-14-006767-1 | |
| 000 | 00405nam0 2200169 450 | |
| 001 | 0755227312 | |
| 005 | 20070828152027.31 | |
| 010 | @a0-14-006767-1@d¥6.00 | |
| 100 | @a20070828d km y0chiy0120 ea | |
| 101 | 0 | @achi |
| 200 | 1 | @aThe Sun Cross-Words |
| 210 | @cPenguin Books@d1984 | |
| 215 | @a142页@d19cm | |
| 606 | 0 | @a英语 |
| 690 | @aH312@v3 | |
| 801 | 0 | @aCN@bPFT@c20070828 |
| 905 | @a213230@dH312@eW3@f1 | |
| The Sun Cross-Words.-Penguin Books,1984 |
| 142页;19cm |
| ISBN 0-14-006767-1:¥6.00 |
| ● |
| 相关链接 |
|
|
|
|
正题名:The Sun Cross-Words
索取号:H312/W3
 
预约/预借
| 序号 | 登录号 | 条形码 | 馆藏地/架位号 | 状态 | 备注 |
| 1 | 0702984 | 207029847 | 密集书库—外国语学院/ [索取号:H312/W3] | 在馆 |